000 00838cam a2200253 a 4500
001 12687894
005 20180123072837.0
008 020227s2002 ilu b 000 0 eng
010 _a 2002003050
020 _a0814109756 (pbk.)
035 _a(DLC) 2002003050
035 _a(DLC)3880
040 _aDLC
_cDLC
_dDLC
041 _aeng
080 _a808.0420712 THO
082 0 0 _a808.0420712 THO
_221
100 _a46
101 _aEDU
245 0 0 _aTeaching writing in high school and college :
_cedited by Thomas C. Thompson.
504 _aIncludes bibliographical references.
906 _a7
_bcbc
_corignew
_d1
_eecip
_f20
_gy-gencatlg
942 _2ddc
_cBK
999 _c40783
_d40783